| 000 | 00862cab a2200253 4500 | ||
|---|---|---|---|
| 001 | ABS59573 | ||
| 008 | 090401t1998 xxu||||| |||| 00| 0 eng d | ||
| 035 | _a(Sirsi) u89242 | ||
| 041 | _aeng | ||
| 100 | _aThompson, A. | ||
| 245 | _aMineral water | ||
| 260 | _c1998 | ||
| 350 | _a0 | ||
| 490 |
_aSurveyor _v185(5504) 8 October 1998, 16-19(3) |
||
| 520 | _aExplains some of the main points covered by a new DETR commissioned report "Reducing the effects of surface mineral workings on the water environment", which promotes more defined forward planning of potential effects and arrangement of mitigating measures. | ||
| 650 | _aENVIRONMENTAL IMPACT | ||
| 650 | _aGOOD PRACTICE | ||
| 650 | _aMINERAL PLANNING GUIDANCE | ||
| 650 | _aSURFACE MINERAL WORKINGS | ||
| 650 | _aWATER POLLUTION | ||
| 690 | _aWATER | ||
| 942 | _n0 | ||
| 948 | _c23/10/1998 | ||
| 999 |
_c56445 _d56445 |
||